Top 5 Best NBA Player by Position - Statistics

General Stats
  • This quiz has been taken 101 times
  • The average score is 23 of 25
Answer Stats
Position Best Team Years Played Jersey No. Player % Correct
PG GSW 2009-Present #30 Stephen Curry
100%
SG MIA 2003-2019 #3 Dwyane Wade
99%
PG LAL 1979-1992,1996 #32 Magic Johnson
99%
SG CHI 1984-1998 #23 Michael Jordan
99%
SG LAL 1996-2016 #24 Kobe Bryant
98%
SF CLE 2003-Present #23 Lebron James
98%
C MIL 1969-1989 #33 Kareem Abdul-Jabbar
96%
C LAL 1992-2011 #34 Shaquille O'Neal
96%
SG PHI 1996-2010 #3 Allen Iverson
95%
SF OKC 2007-Present #7 Kevin Durant
95%
SF CHI 1987-2003 #33 Scottie Pippen
95%
PF SAS 1997-2016 #21 Tim Duncan
95%
C BOS 1956-1969 #6 Bill Russell
94%
PF MIL 2013-Present #34 Giannis Antetokounmpo
94%
C HOU 1984-2002 #34 Hakeem Olajuwon
94%
C SFW 1959-1973 #13 Wilt Chamberlain
94%
PF DAL 1998-2019 #41 Dirk Nowitzki
92%
PG DET 1981-1994 #11 Isiah Thomas
92%
PG UTA 1984-2003 #12 John Stockton
92%
PF MIN 1995-2016 #21 Kevin Garnett
92%
SF BOS 1979-1992 #33 Larry Bird
91%
SG LAL 1960-1974 #44 Jerry West
89%
PG CIN/SAC 1960-1970 #14 Oscar Robertson
88%
SF PHI 1976-1987 #6 Julius Erving
87%
PF DET 1986-1993 #10 Dennis Rodman
73%
No matching quizzes found
Score Distribution
Percent of People with Each Score
Percentile by Number Answered
Your Score History
You have not taken this quiz